000 02103 a2200253 4500
001 111
005 20260407155411.0
008 260407a2003 arg spa d
003 AR-UNSa-BCEJYS
040 _aAR-UNSa-BCEJYS
_bspa
_cAR-UNSa-BCEJYS
080 _a347.7
_xDerecho Mercantil. Derecho Comercial
245 1 0 _aDerecho Comercial
020 _a950-20-1528-2
264 1 _aBuenos Aires :
_bAbeledo Perrot
_c2003
300 _a1102 p.
_c23 cm.
505 _a1. Concepto, evolución y ámbito - 2. Acto de comercio - 3. La empresa - 4. Propiedad industrial - 5. El comerciante - 6. Obligaciones de los comerciantes - 7. Sociedades comerciales - 8. Sociedades comerciales - 9. Clasificación de las sociedades. Sociedades personales o por parte de interés. Sociedades accidentales o en participación. Sociedades de responsabilidad limitada - 10. Sociedades por acciones. Sociedades anónimas - 11. Sociedades anónimas. Órganos - 12. Sociedades en comandita por acciones y sociedades cooperativas - 13. La sociedad de garantía recíproca - 14. Transformación de sociedades. Resolución parcial.Disolución. Liquidación - 15. Vinculaciones Societarias - 16. Contratos de colaboración empresaria y uniones transitorias - 17. Participación del estado. El ahorro público.Entidades Financieras - 18. De la representación - 19. Agentes auxiliares - 20. Bolsas de comercio - 21. Contratos comerciales - 22. Responsabilidad del comerciante-empresario - 23. Contratos regulados en el código de comerio y en el código civil - 24. Contratos comerciales regulados en el código civil - 25. Contratos regulados solo en el código de comercio - 26. Otros contratos comerciales - 27. Contratos típicamente mercantiles - 28. Seguros - 29. Seguros (continuación)
942 _cBK
590 _aniveau_biblio:m niveau_hierar:0
100 1 _aGarrone, José Alberto
700 1 _aWeyland, Alejandro
700 1 _aLópez Díaz, Indalecio R.
700 1 _aLópez, Gastón Federico
856 4 1 _uhttps://biblioeco.unsa.edu.ar/pmb/images/libros/Derecho Comercial2-l116451.jpg
_yImagen de portada
_qimage/jpeg
999 _c85
_d85